000 00263nam a2200109Ia 4500
008 170627s9999 xx 000 0 und d
100 _aMC CARTHY-CURRON
245 0 _aBUSINESS POLICY AND STRANTEG
260 _bAITBS
260 _c2004
546 _aENGLISH
690 _aTECHNICAL COMUNICATION
999 _c35446
_d35446